LEADER 00992nam2-22003011i-450- 001 990000186580403321 035 $a000018658 035 $aFED01000018658 035 $a(Aleph)000018658FED01 035 $a000018658 100 $a20011111d--------km-y0itay50------ba 101 0 $aita 105 $ay-------001yy 200 1 $a1. : Fundamental problems in vacuumtechniques ultra-high vacuum. XXXVIII, 469p. : ill. 210 $aOxford$cPergamon press$d1960- 215 $av.$d28 cm 461 0$1001000000014$12001$aAdvances in vacuum science and technology 676 $a621.5 702 1$aThomas,$bE. 710 12$aINTERNATIONAL CONGRESS OF VACUUM TECHNIQUES , 1., Namur, Belgio, 1958$0334191 801 0$aIT$bUNINA$gRICA$2UNIMARC 901 $aBK 912 $a990000186580403321 952 $a13 C 57 20$b23888/a$fFINBC 959 $aFINBC 996 $a1. : Fundamental problems in vacuumtechniques ultra-high vacuum. XXXVIII, 469p. : ill$9122651 997 $aUNINA DB $aING01 LEADER 00986nam0 2200241 450 001 000012467 005 20190218120202.0 100 $a20080606d1950----km-y0itay50------ba 101 0 $aita 102 $aIT 105 $ay-------001yy 200 1 $aSinistri marittimi stivaggio delle merci$eabbordi in mare, sinistri marittimi, caricazione e stivaggio delle merci$econ larghi estratti del regolamento e disposizioni per la sicurezza delle navi mercantili e della vita umana in mare$f[Giuseppe Sorrentino] 210 $aPadova$cCEDAM$d1950 215 $aXI, 528 p.$cill.$d25 cm 300 $aApp.: Segnalazioni marittime, contabilità di bordo 610 1 $aNavigazione marittima$aSinistri 676 $a623.89$v20$9Navigazione marittima 700 1$aSorrentino,$bGiuseppe$029164 801 0$aIT$bUNIPARTHENOPE$c20080606$gRICA$2UNIMARC 912 $a000012467 951 $aDEP I-0105$b3912$cNAVA4$d20080606 996 $aSinistri marittimi stivaggio delle merci$936493 997 $aUNIPARTHENOPE LEADER 04279nam 22008055 450 001 996465796203316 005 20200702124250.0 010 $a3-540-39816-3 024 7 $a10.1007/b13596 035 $a(CKB)1000000000212193 035 $a(SSID)ssj0000326925 035 $a(PQKBManifestationID)11258166 035 $a(PQKBTitleCode)TC0000326925 035 $a(PQKBWorkID)10316353 035 $a(PQKB)11146116 035 $a(DE-He213)978-3-540-39816-5 035 $a(MiAaPQ)EBC3088410 035 $a(PPN)155236024 035 $a(EXLCZ)991000000000212193 100 $a20121227d2003 u| 0 101 0 $aeng 135 $aurnn|008mamaa 181 $ctxt 182 $cc 183 $acr 200 10$aStochastic Algorithms: Foundations and Applications$b[electronic resource] $eSecond International Symposium, SAGA 2003, Hatfield, UK, September 22-23, 2003, Proceedings /$fedited by Andreas Albrecht, Kathleen Steinhöfel 205 $a1st ed. 2003. 210 1$aBerlin, Heidelberg :$cSpringer Berlin Heidelberg :$cImprint: Springer,$d2003. 215 $a1 online resource (VIII, 172 p.) 225 1 $aLecture Notes in Computer Science,$x0302-9743 ;$v2827 300 $aBibliographic Level Mode of Issuance: Monograph 311 $a3-540-20103-3 320 $aIncludes bibliographical references and index. 327 $aProspects of Quantum Informatics -- A Converging ACO Algorithm for Stochastic Combinatorial Optimization -- Optimality of Randomized Algorithms for the Intersection Problem -- Stochastic Algorithms for Gene Expression Analysis -- Analysis of a Randomized Local Search Algorithm for LDPCC Decoding Problem -- Testing a Simulated Annealing Algorithm in a Classification Problem -- Global Search through Sampling Using a PDF -- Simulated Annealing for Optimal Pivot Selection in Jacobian Accumulation -- Quantum Data Compression -- Who?sThe Weakest Link? -- On the Stochastic Open Shop Problem -- Global Optimization ? Stochastic or Deterministic? -- Two-Component Traffic Modelled by Cellular Automata: Imposing Passing Restrictions on Slow Vehicles Increases the Flow -- Average-Case Complexity of Partial Boolean Functions -- Classes of Binary Rational Distributions Closed under Discrete Transformations. 410 0$aLecture Notes in Computer Science,$x0302-9743 ;$v2827 606 $aProbabilities 606 $aAlgorithms 606 $aComputers 606 $aNumerical analysis 606 $aComputer science?Mathematics 606 $aMathematical statistics 606 $aProbability Theory and Stochastic Processes$3https://scigraph.springernature.com/ontologies/product-market-codes/M27004 606 $aAlgorithm Analysis and Problem Complexity$3https://scigraph.springernature.com/ontologies/product-market-codes/I16021 606 $aComputation by Abstract Devices$3https://scigraph.springernature.com/ontologies/product-market-codes/I16013 606 $aNumeric Computing$3https://scigraph.springernature.com/ontologies/product-market-codes/I1701X 606 $aDiscrete Mathematics in Computer Science$3https://scigraph.springernature.com/ontologies/product-market-codes/I17028 606 $aProbability and Statistics in Computer Science$3https://scigraph.springernature.com/ontologies/product-market-codes/I17036 615 0$aProbabilities. 615 0$aAlgorithms. 615 0$aComputers. 615 0$aNumerical analysis. 615 0$aComputer science?Mathematics. 615 0$aMathematical statistics. 615 14$aProbability Theory and Stochastic Processes. 615 24$aAlgorithm Analysis and Problem Complexity. 615 24$aComputation by Abstract Devices. 615 24$aNumeric Computing. 615 24$aDiscrete Mathematics in Computer Science. 615 24$aProbability and Statistics in Computer Science. 676 $a518/.1 702 $aAlbrecht$b Andreas$4edt$4http://id.loc.gov/vocabulary/relators/edt 702 $aSteinhöfel$b Kathleen$4edt$4http://id.loc.gov/vocabulary/relators/edt 712 12$aSAGA 2003 801 0$bMiAaPQ 801 1$bMiAaPQ 801 2$bMiAaPQ 906 $aBOOK 912 $a996465796203316 996 $aStochastic Algorithms: Foundations and Applications$9772662 997 $aUNISA LEADER 01561nam0 22003371i 450 001 UON00322583 005 20231205104146.576 010 $a978-38-964637-6-0 100 $a20090401d2008 |0itac50 ba 101 $ager 102 $aDE 105 $a|||| ||||| 200 1 $aˆDie '‰Agora des Italiens' in Delos$eBaugeschichte, Architektur, Ausstattung und Funktion einer spathellenistischen Porticus-Anlage$fMonika Trumper 210 $aRahden/Westf.$cLeidorf$d2008 215 $a2 v.$cill.$d30 cm 410 1$1001UON00087980$12001 $aInternationale Archaeologie$fhrg. von Claus Dobiat, Klaus Leidorf$v104 606 $aARCHITETTURA GRECA$3UONC028362$2FI 606 $aARCHITETTURA$xDelo$3UONC028481$2FI 606 $aARCHITETTURA ELLENISTICA$3UONC029314$2FI 606 $aCIVILTA' GRECO-ROMANA$3UONC060914$2FI 620 $aDE$dRahden (Westf.)$3UONL002532 676 $a722.80938$cARCHITETTURA GRECA - Antichità$v21 700 1$aTRÜMPER$bMonika$3UONV061107$0459901 712 $aLeidorf$3UONV260318$4650 790 1$aTRUEMPER, Monika$zTRÜMPER, Monika$3UONV061108 801 $aIT$bSOL$c20240220$gRICA 912 $aUON00322583 950 $aSIBA - SISTEMA BIBLIOTECARIO DI ATENEO$dSI N 1 DELOS 004 01 $eSI MC 32545 7 01 950 $aSIBA - SISTEMA BIBLIOTECARIO DI ATENEO$dSI N 1 DELOS 004 02 $eSI MC 32546 7 02 996 $aAgora des Italiens' in Delos$91371827 997 $aUNIOR